00800nam a2200205 a 450000100100000000500170001000800410002710000220006824500770009025000120016726000610017930000110024049000320025150000330028350001450031650000410046165000220050265000260052470000440055000003080320200120222204.0070926s2000 ck 0 gr0 c spa d0 aCastillo, Eduardo10aCuentos inéditos /cEduardo Castillo ; pról, Henrique Duque Muñoz. a1a. ed. aSantafé de Bogotá :bInstituto Caro y Cuervo,c2000. a265 p. aLa granada entreabiertav90 aEj.1 Calle 63, Donado en2005 aEj 1. En Biblioparque De Funza : Colección Proveniente De La Antigua Biblioteca Municipal, Centro Cultural Bacatá, Funza (Cundinamarca). aDonación : Instituto Caro y Cuervo14aCuento colombiano24aLiteratura Colombiana1 aLuque Muñoz, Henry, pról.eprologo.